Thème Foot : commençant par A - Statistiques

Statistiques générales
  • Ce quiz a été pris 132 fois
  • Le résultat moyen est 9 sur 15
Statistiques - réponses
Indice Mots % Correct
Surnommés les "Gunners" Arsenal
99%
Sélection nationale ayant remporté 4 fois la coupedu monde et 3 fois l'euro Allemagne
93%
Stade du Bayern Munich Allianz Arena
92%
Équipe championne du monde en titre Argentine
82%
Actuel entraîneur du Real Madrid Carlo Ancelotti
78%
Animal symbole d'OGC Nice Aigle
73%
Prénom d'un attaquant français international,
évoluant en Espagne
Antoine
72%
Joueur gabonnais évoluant à l'OM Pierre-EmerickAubameyang
71%
Que veut dire "AS" Association Sportive
65%
Affronte Marseille en demi-finale d'Europa League (2024) Atalanta Bergame
58%
Surnom de l'équipe d'Argentine Albiceleste
56%
Sur son logo on retrouve des licornes Amiens
31%
Équipe jumelle du Real Madrid Atlético de Madrid
31%
Ancien attaquant toulousain, il est maintenantchampion d'Allemagne Amine Adli
25%
Stade de Liverpool Anfield Road
19%
Aucun quiz correspondant
Distribution des résultats
% des personnes avec chaque résultat
Percentile par nombre de réponses
Votre historique - résultats
Vous n’avez pas pris ce quiz